Tilastot visalle Afrikkaa lähimpänä olevat valtiot

Klikkaa tästä pelataksesi tätä visaa!

Yleistilastot

  • Tätä visaa on pelattu 959 kertaa
  • Keskiarvotulos 16 / 20

Vastaustilastot

KilometritValtioMailit% Oikein
0Espanja0
98%
144Italia89
96%
101Saudi-Arabia63
94%
258Kreikka160
93%
202Portugali126
92%
183Israel114
91%
20Jemen13
91%
507Turkki315
90%
570Oman354
89%
288Malta179
88%
352Kypros219
87%
450Ranska280
85%
365Syyria227
82%
212Jordania132
80%
645Irak401
77%
332Libanon207
77%
549Vatikaani341
66%
737Monaco458
63%
637Andorra396
55%
21Yhdistynyt kuningaskunta
(Gibraltar)
13
52%

Tulosjakauma

Persentiili vastausten määrän mukaan

Jokaisen tuloksen saaneiden osuus

Tuloshistoriasi

Et ole pelannut tätä visaa